| 000 | 00363nam a22001577a 4500 | ||
|---|---|---|---|
| 003 | CEME | ||
| 005 | 20210628203537.0 | ||
| 008 | 210317b xxu||||| |||| 00| 0 eng d | ||
| 040 | _c. | ||
| 082 | _a681.42 KIN'L | ||
| 100 |
_aKingslake, Rudolf _941578 |
||
| 245 | _aLens design fundamentals | ||
| 260 |
_aLONDON _bAP _c1978 |
||
| 300 | _a366P | ||
| 942 |
_cBK _2ddc |
||
| 999 |
_c574169 _d574169 |
||